Možnosti výroby pyridínu a jeho derivátov bakalárska práca

Gespeichert in:
Bibliographische Detailangaben
1. Verfasser: Moravčík, Miroslav
Format: Buch
Sprache:Slowakisch
Veröffentlicht: Bratislava STU FCHPT 2017
Online-Zugang:Im OPAC anzeigen
Tags: Tag hinzufügen
Keine Tags, Fügen Sie das erste Tag hinzu!

MARC

LEADER 00000nam a2200000 a 4500
005 20260127134043.0
008 171128 2017 xo 001 0 slo d
035 |a vtls011724124 
039 9 |y 201711281059  |z mschk03 
040 |a STUSCHK1  |b slo  |c STUSCHK1  |e AACR2 
100 1 |a Moravčík, Miroslav 
245 1 |a Možnosti výroby pyridínu a jeho derivátov  |b bakalárska práca  |c Miroslav Moravčík 
260 |a Bratislava  |b STU FCHPT  |c 2017 
300 |a 60 s.  |b il.  |c 25 cm 
500 |a Študijný program: chemické inžinierstvo 
500 |a Študijný odbor: chemické inžinierstvo 
500 |a Školiace pracovisko: Ústav chemického a environmentálneho inžinierstva 
500 |a Evid. číslo: FCHPT-5431-76837 
910 |a SCHK95 
999 |c 3013  |d 3013